000 00646nam a2200205Ia 4500
008 240729s9999 xx 000 0 und d
022 _a2059-6553
245 0 _aNeuronal Signaling
260 _aUnited Kingdom
260 _bPortland Press, Biochemical Society
650 _a Internal medicine
650 _a Neurology. Diseases of the nervous system | Science
650 _a Neurophysiology and neuropsychology
650 _a Neurosciences. Biological psychiatry. Neuropsychiatry
650 _a Physiology
650 _aMedicine
856 _uhttps://doaj.org/toc/316b4f10a5f84040a9b6d496717c7dcd
942 _2ddc
942 _cDOAJEJ
999 _c68303
_d68303
945 _a1
_bMadushi Gamage
_c1
_dMadushi Gamage